Every Swiss president since 2000 - Statistics

General Stats
  • This quiz has been taken 22 times
  • The average score is 15 of 26
Answer Stats
Hint Answer % Correct
2023 Alain Berset
94%
2018 Alain Berset
94%
2021 Guy Parmelin
94%
2025 Karin Keller-Sutter
89%
2024 Viola Amherd
89%
2022 Ignazio Cassis
83%
2019 Ueli Maurer
83%
2013 Ueli Maurer
83%
2020 Simonetta Sommaruga
72%
2015 Simonetta Sommaruga
72%
2011 Micheline Calmy-Rey
61%
2007 Micheline Calmy-Rey
61%
2000 Adolf Ogi
56%
2012 Eveline Widmer-Schlumpf
56%
2016 Johann Schneider-Ammann
50%
2008 Pascal Couchepin
50%
2003 Pascal Couchepin
50%
2006 Moritz Leuenberger
44%
2001 Moritz Leuenberger
44%
2014 Didier Burkhalter
39%
2017 Doris Leuthard
39%
2010 Doris Leuthard
39%
2005 Samuel Schmid
28%
2009 Hans-Rudolf Merz
22%
2004 Joseph Deiss
11%
2002 Kaspar Villiger
6%
No matching quizzes found
Score Distribution
Percent of People with Each Score
Percentile by Number Answered
Your Score History
You have not taken this quiz